History Quiz

Random History or Politics Quiz

US Presidents To-Do Lists Quiz Stats

 Plays Quiz Updated Feb 5, 2018

Challenge
Share
Tweet
Score 0/15 Timer 06:00
6 Plays Today
% Correct
George W. Bush
96.7%
George Washington
96.4%
Barack Obama
96.3%
Richard Nixon
95%
Bill Clinton
94.5%
Thomas Jefferson
92.9%
John F. Kennedy
91.9%
Franklin D. Roosevelt
91.4%
% Correct
Theodore Roosevelt
83.7%
Harry S. Truman
83.7%
Lyndon B. Johnson
83%
Grover Cleveland
71.3%
Andrew Jackson
71%
Woodrow Wilson
69.9%
William Henry Harrison
65.8%

You're not logged in!

Compare scores with friends on all Sporcle quizzes.
Join for Free
OR
Log In

You Might Also Like...

Show Comments

Extras

Top Quizzes Today


Score Distribution

Your Account Isn't Verified!

In order to create a playlist on Sporcle, you need to verify the email address you used during registration. Go to your Sporcle Settings to finish the process.

Report this User

Report this user for behavior that violates our Community Guidelines.

Details: